书目信息 |
| 题名: |
中国土地制度改革研究
|
|
| 作者: | 沈开举 主编 | |
| 分册: | ||
| 出版信息: | 北京 法律出版社 2014 |
|
| 页数: | 444页 | |
| 开本: | 21cm | |
| 丛书名: | ||
| 单 册: | ||
| 中图分类: | F321.1 | |
| 科图分类: | ||
| 主题词: | 土地制度--经济体制改革--研究--中国 | |
| 电子资源: | ||
| ISBN: | 978-7-5118-6004-0 | |
| 000 | 00926nam0 2200241 450 | |
| 001 | 519 | |
| 005 | 20140909094137.28 | |
| 010 | @a978-7-5118-6004-0@dCNY45.00 | |
| 100 | @a20140626d2014 em y0chiy50 ea | |
| 101 | 0 | @achi |
| 102 | @aCN@b110000 | |
| 105 | @ay z 000yy | |
| 106 | @ar | |
| 200 | 1 | @a中国土地制度改革研究@AZhong Guo Tu Di Zhi Du Gai Ge Yan Jiu@f沈开举主编@FShen Kai Ju Zhu Bian |
| 210 | @a北京@c法律出版社@d2014 | |
| 215 | @a444页@d21cm | |
| 300 | @a郑州大学嵩阳法学文库 国家社科基金项目“修宪后的中国土地管理制度改革研究” 国家社科基金项目 | |
| 330 | @a本书以“权利—义务”为分析框架,以制度变迁为分析视角,对中国的土地产权、土地登记、土地利用管制、征收征用与补偿,土地税费等制度进行了相关详细深入的研究。 | |
| 606 | 0 | @a土地制度@x经济体制改革@x研究@y中国 |
| 690 | @aF321.1@v5 | |
| 701 | 0 | @a沈开举@AShen Kai Ju@f(1962-)@4主编 |
| 801 | 0 | @aCN@bTANGWEI@c20140603 |
| 905 | @b0838906-08@dF321.1@e151@f3 | |
| 中国土地制度改革研究/沈开举主编.-北京:法律出版社,2014 |
| 444页;21cm |
| 郑州大学嵩阳法学文库 国家社科基金项目“修宪后的中国土地管理制度改革研究” 国家社科基金项目 |
| ISBN 978-7-5118-6004-0:CNY45.00 |
| 本书以“权利—义务”为分析框架,以制度变迁为分析视角,对中国的土地产权、土地登记、土地利用管制、征收征用与补偿,土地税费等制度进行了相关详细深入的研究。 |
| ● |
| 相关链接 |
|
|
|
|
正题名:中国土地制度改革研究
索取号:F321.1/151
 
预约/预借
| 序号 | 登录号 | 条形码 | 馆藏地/架位号 | 状态 | 备注 |
| 1 | 0838906 | 208389064 | 第一样本阅览室/ [索取号:F321.1/151] | 在馆 | |
| 2 | 0838907 | 208389073 | 第一借阅区/ [索取号:F321.1/151] | 在馆 | |
| 3 | 0838908 | 208389082 | 经管系资料室/ [索取号:F321.1/151] | 在馆 |